000 01297cam a22003011i 4500
003 SA-RiAUC
005 20250128151937.0
008 250128s1995 sy g f00000cara c
040 _aSA-AhKFU
_bara
_cSA-RiAUC
_erda
050 4 _bM37 1995
082 0 4 _a920.02
_qSA-RiAUC
090 _a920.02
_b م ق ر
100 1 _aالمقريزي، أحمد بن علي بن عبد القادر،
_d766-845 هجري
_eمؤلف.
245 1 0 _aدرر العقود الفريدة في تراجم الأعيان المفيدة قطعة منه /
_cتأليف أحمد علي المقريزي ؛ حققه عدنان درويش، محمد المصري.
250 _aالطبعة الأولى.
264 1 _aدمشق :
_bمنشورات وزارة الثقافة،
_c1995
300 _a2 مجلد ؛
_c26 سم.
336 _aنص
_btxt
_2rdacontent
_3كتاب
337 _aبدون وسيط
_bn
_2rdamedia
338 _aمجلد
_bnc
_2rdacarrier
490 1 _aإحياء التراث العربي ؛
_v95
650 7 _aالمسلمون
_vتراجم
_2aucsh
700 1 _aدرويش، عدنان،
_d1931-2014
_eمحقق.
700 1 _aالمصري، محمد
_eمحقق.
830 0 _aإحياء التراث العربي
_v95
942 _2ddc
_cBOOK
_n0
949 _aSA-JeALM
_d250128
_uosman123
_n1
999 _c5354
_d5354